[Event "First Saturday 2012 may FM-B"]
[Site "Budapest"]
[Date "2012.05.05"]
[Round "1"]
[White "Vasilev, Sergey"]
[Black "Lukacs, Albert"]
[Result "0-1"]
[WhiteElo "1462"]
[BlackElo "1776"]
[PlyCount "44"]
[EventDate "2012.05.05"]

1. Nf3 c5 2. b3 e6 3. Bb2 Nf6 4. c4 Nc6 5. Qc2 b6 6. a3 Bb7 7. e4 d6 8. Nc3 Be7
9. O-O-O Nd4 10. Nxd4 cxd4 11. Nb5 e5 12. f3 a6 13. Nxd4 exd4 14. Bxd4 Rc8 15.
Bc3 O-O 16. d4 d5 17. exd5 Bxa3+ 18. Kd2 Bxd5 19. cxd5 Nxd5 20. Bc4 Qg5+ 21.
Ke1 Rfe8+ 22. Kf2 Qe3+ 0-1

[Event "First Saturday 2012 may FM-B"]
[Site "Budapest"]
[Date "2012.05.05"]
[Round "1"]
[White "Mihajlova, Diana"]
[Black "Mayer, Istvan"]
[Result "0-1"]
[WhiteElo "1410"]
[BlackElo "2038"]
[PlyCount "44"]
[EventDate "2012.05.05"]

1. e4 e6 2. d3 d5 3. Nd2 c5 4. Be2 Nc6 5. c3 Nge7 6. Ngf3 Ng6 7. Nb3 c4 8. Nbd4
cxd3 9. Bxd3 Bc5 10. Be3 Bb6 11. Nxc6 bxc6 12. Bg5 f6 13. Bd2 e5 14. exd5 cxd5
15. Bxg6+ hxg6 16. Qa4+ Kf7 17. O-O Qc7 18. h3 g5 19. Be3 g4 20. hxg4 e4 21. g3
Bxe3 22. Kg2 Bxg4 0-1

[Event "First Saturday 2012 may FM-B"]
[Site "Budapest"]
[Date "2012.05.05"]
[Round "1"]
[White "Somogyi, Theodora"]
[Black "Csiba, Tibor"]
[Result "0-1"]
[WhiteElo "1252"]
[BlackElo "1438"]
[PlyCount "72"]
[EventDate "2012.05.05"]

1. e4 c6 2. Nf3 d5 3. Nc3 dxe4 4. Nxe4 Bf5 5. Ng3 Bg6 6. d3 Nd7 7. Be2 Ngf6 8.
O-O e6 9. Nh4 Be7 10. Bd2 Qc7 11. Bf3 Nd5 12. Ne2 Bxh4 13. g3 Bf6 14. d4 Bf5
15. c4 N5b6 16. b3 h5 17. Bxh5 Rxh5 18. Nf4 Rh7 19. Be3 O-O-O 20. Rc1 Rdh8 21.
Re1 Rxh2 22. Kf1 g5 23. Nd3 Rh1+ 24. Ke2 Bg4+ 25. f3 Rxe1+ 26. Qxe1 Bf5 27. g4
Bg6 28. Nf2 e5 29. Rd1 exd4 30. Bxd4 Re8+ 31. Be3 Qf4 32. Kd2 Bc3+ 33. Kxc3
Rxe3+ 34. Kb2 Rxe1 35. Rxe1 Qd2+ 36. Ka3 Qxe1 0-1

[Event "First Saturday 2012 may FM-B"]
[Site "Budapest"]
[Date "2012.05.05"]
[Round "1"]
[White "Karaiskakis, Petros"]
[Black "Nemeth, Otto"]
[Result "1/2-1/2"]
[WhiteElo "1751"]
[BlackElo "1858"]
[PlyCount "85"]
[EventDate "2012.05.05"]

1. d4 Nf6 2. Nf3 g6 3. g3 Bg7 4. Bg2 O-O 5. c4 c6 6. O-O d5 7. cxd5 cxd5 8. Nc3
Nc6 9. Ne5 Be6 10. f4 Qc8 11. Re1 Rd8 12. Be3 a6 13. Rc1 h5 14. Na4 Rb8 15.
Nxc6 bxc6 16. Nc5 Bh3 17. b3 h4 18. Qd3 hxg3 19. hxg3 Qg4 20. Bf2 Qh5 21. Bf3
Bg4 22. Bxg4 Nxg4 23. Qf3 Qh2+ 24. Kf1 Nxf2 25. Qxf2 Qxf2+ 26. Kxf2 Bxd4+ 27.
e3 Bxc5 28. Rxc5 Rb6 29. Rd1 Rd6 30. Ra5 f5 31. Rd4 Rd8 32. Kf3 Kf7 33. Rda4
Ra8 34. Rc5 Ke6 35. Rc1 Kd6 36. Rh1 Ke6 37. g4 fxg4+ 38. Kxg4 Kf6 39. Rh7 a5
40. e4 Rb4 41. e5+ Ke6 42. Rh6 Rxa4 43. bxa4 1/2-1/2

[Event "First Saturday 2012 may FM-B"]
[Site "Budapest"]
[Date "2012.05.05"]
[Round "1"]
[White "Gruz, Janos"]
[Black "Mirza, Solyom"]
[Result "1/2-1/2"]
[WhiteElo "1858"]
[BlackElo "1671"]
[PlyCount "63"]
[EventDate "2012.05.05"]

1. e4 c5 2. Nf3 d6 3. d4 cxd4 4. Nxd4 Nf6 5. Nc3 g6 6. h3 Bg7 7. g4 O-O 8. Bg2
Qb6 9. Nde2 Nc6 10. O-O Bd7 11. Kh2 Qc7 12. f4 h5 13. g5 Ne8 14. Nd5 Qd8 15. c3
Nc7 16. Be3 Qc8 17. Nd4 Nxd5 18. exd5 Nxd4 19. Bxd4 Bxd4 20. Qxd4 Qc7 21. Rae1
Rfe8 22. Rf2 Qb6 23. Qxb6 axb6 24. a3 Rab8 25. Rd2 f6 26. Re4 Kf7 27. Rc4 b5
28. Rcd4 Ra8 29. Kg3 f5 30. Kf2 Rec8 31. Rb4 Rc5 32. h4 1/2-1/2

[Event "First Saturday 2012 may FM-B"]
[Site "Budapest"]
[Date "2012.05.06"]
[Round "2"]
[White "Nemeth, Otto"]
[Black "Gruz, Janos"]
[Result "0-1"]
[WhiteElo "1858"]
[BlackElo "1858"]
[PlyCount "42"]
[EventDate "2012.05.05"]

1. e4 d6 2. d4 Nf6 3. Bd3 g6 4. h3 Bg7 5. Be3 O-O 6. Nf3 c6 7. Qd2 Re8 8. Nc3
Nbd7 9. O-O Qc7 10. Rfe1 a5 11. a4 Nf8 12. b3 Bd7 13. Rad1 Rac8 14. e5 Nd5 15.
Nxd5 cxd5 16. exd6 exd6 17. c4 Be6 18. c5 dxc5 19. dxc5 Nd7 20. Bb5 Nxc5 21.
Nd4 Rf8 {after 57 move} 0-1

[Event "First Saturday 2012 may FM-B"]
[Site "Budapest"]
[Date "2012.05.06"]
[Round "2"]
[White "Csiba, Tibor"]
[Black "Karaiskakis, Petros"]
[Result "1-0"]
[WhiteElo "1438"]
[BlackElo "1751"]
[PlyCount "75"]
[EventDate "2012.05.05"]

1. d4 Nf6 2. c4 g6 3. Nc3 Bg7 4. e4 d6 5. Be2 O-O 6. Nf3 c5 7. d5 e6 8. Be3
exd5 9. exd5 Re8 10. O-O Na6 11. Re1 Nc7 12. Qd2 a6 13. a4 Rb8 14. Bg5 Bg4 15.
h3 Bxf3 16. Bxf3 Qd7 17. g4 h5 18. Qf4 hxg4 19. Bxg4 Nxg4 20. Qxg4 Qxg4+ 21.
hxg4 f6 22. Bf4 Rxe1+ 23. Rxe1 Bf8 24. Ne4 Ne8 25. g5 b5 26. axb5 axb5 27. cxb5
fxg5 28. Nxg5 Nc7 29. Ne6 Nxb5 30. Nxf8 Rxf8 31. Bh6 Nd4 32. Bxf8 Kxf8 33. Kg2
Kf7 34. Re4 Nf5 35. Re6 Nh4+ 36. Kg3 Nf5+ 37. Kg4 Nh6+ 38. Kg5 1-0

[Event "First Saturday 2012 may FM-B"]
[Site "Budapest"]
[Date "2012.05.06"]
[Round "2"]
[White "Mayer, Istvan"]
[Black "Somogyi, Theodora"]
[Result "1-0"]
[WhiteElo "2038"]
[BlackElo "1252"]
[PlyCount "51"]
[EventDate "2012.05.05"]

1. e4 c5 2. Nf3 Nc6 3. d4 cxd4 4. Nxd4 e5 5. Nb5 Nf6 6. N1c3 d6 7. Bg5 Be7 8.
Bxf6 Bxf6 9. Qxd6 Qxd6 10. Nxd6+ Kd8 11. Nxf7+ Ke8 12. Nxh8 Be6 13. Bb5 a6 14.
Ba4 Kf8 15. O-O Ne7 16. Bb3 Bxb3 17. axb3 Kg8 18. Rfd1 Kxh8 19. Rd7 Rb8 20.
Rad1 Nc6 21. Nd5 Bg5 22. g3 Bd8 23. c3 b5 24. Ne3 h6 25. R1d6 Rc8 26. Ng4 1-0

[Event "First Saturday 2012 may FM-B"]
[Site "Budapest"]
[Date "2012.05.06"]
[Round "2"]
[White "Lukacs, Albert"]
[Black "Mihajlova, Diana"]
[Result "1-0"]
[WhiteElo "1776"]
[BlackElo "1410"]
[PlyCount "65"]
[EventDate "2012.05.05"]

1. e4 c5 2. Nf3 d6 3. Bc4 e6 4. O-O a6 5. Re1 Be7 6. d4 b5 7. Bf1 c4 8. b3 d5
9. exd5 exd5 10. a4 Bb7 11. axb5 axb5 12. Rxa8 Bxa8 13. Ba3 Nc6 14. Ne5 Nxe5
15. Rxe5 Bc6 16. Qe1 f6 17. Re6 Bd7 18. Rd6 Kf7 19. Rxd5 Bxa3 20. Nxa3 Ne7 21.
Rc5 cxb3 22. cxb3 Nf5 23. Nxb5 Re8 24. Bc4+ Kf8 25. Qb1 Qe7 26. h3 Nxd4 27. Rd5
Qb4 28. Qxh7 Qe1+ 29. Kh2 Bxb5 30. Qh8+ Ke7 31. Qxg7+ Ke6 32. Rxb5+ Kd6 33.
Rd5+ 1-0

[Event "First Saturday 2012 may FM-B"]
[Site "Budapest"]
[Date "2012.05.07"]
[Round "3"]
[White "Mihajlova, Diana"]
[Black "Nagy, Peter"]
[Result "1-0"]
[WhiteElo "1410"]
[BlackElo "1538"]
[PlyCount "47"]
[EventDate "2012.05.05"]

1. e4 Nf6 2. e5 Nd5 3. d4 e6 4. Nf3 c5 5. c4 Nb6 6. d5 d6 7. Nc3 dxe5 8. Nxe5
Qf6 9. Nf3 exd5 10. cxd5 Bd6 11. Ne4 Qe7 12. Bb5+ N8d7 13. O-O O-O 14. Bg5 f6
15. Nxd6 Qxd6 16. Bh4 a6 17. Bd3 h5 18. Bg3 Ne5 19. Bxe5 fxe5 20. Ng5 Bf5 21.
Bxf5 Rxf5 22. Ne4 Qh6 23. d6 Nd7 24. Qd5+ 1-0

[Event "First Saturday 2012 may FM-B"]
[Site "Budapest"]
[Date "2012.05.07"]
[Round "3"]
[White "Somogyi, Theodora"]
[Black "Lukacs, Albert"]
[Result "0-1"]
[WhiteElo "1252"]
[BlackElo "1776"]
[PlyCount "72"]
[EventDate "2012.05.05"]

1. e4 c5 2. Nf3 e6 3. c4 Nc6 4. Nc3 a6 5. d3 Qc7 6. g3 Nf6 7. Bg2 d6 8. O-O h6
9. Re1 g5 10. d4 cxd4 11. Nxd4 Bd7 12. Nd5 Nxd5 13. exd5 Nxd4 14. Qxd4 e5 15.
Qc3 Bg7 16. b3 O-O 17. Bb2 Rae8 18. Re2 f5 19. Rf1 f4 20. a3 Rf7 21. Qd3 Ref8
22. Bc1 f3 23. Re3 fxg2 24. Kxg2 Qc8 25. Kh1 Bh3 26. Rg1 Rxf2 27. Ree1 Bg4 28.
Ref1 Be2 29. Qe3 Rxf1 30. Rxf1 Rxf1+ 31. Kg2 Rxc1 32. Qxc1 e4 33. Qe3 Bf3+ 34.
Kf2 Qh3 35. Ke1 Qxh2 36. Kf1 Bd4 0-1

[Event "First Saturday 2012 may FM-B"]
[Site "Budapest"]
[Date "2012.05.07"]
[Round "3"]
[White "Karaiskakis, Petros"]
[Black "Mayer, Istvan"]
[Result "0-1"]
[WhiteElo "1751"]
[BlackElo "2038"]
[PlyCount "40"]
[EventDate "2012.05.05"]

1. d4 d5 2. Nf3 Nf6 3. g3 g6 4. Bg2 Bg7 5. O-O O-O 6. c4 dxc4 7. Qa4 Be6 8. Nc3
c6 9. Ng5 Qxd4 10. Nxe6 fxe6 11. Rd1 Qe5 12. Qxc4 Nd5 13. Ne4 Nd7 14. Rb1 Rad8
15. Ng5 N7b6 16. Qg4 Nf6 17. Qh3 Rxd1+ 18. Bf1 Rxc1 19. Rxc1 Qxg5 20. Qxe6+ Kh8
0-1

[Event "First Saturday 2012 may FM-B"]
[Site "Budapest"]
[Date "2012.05.07"]
[Round "3"]
[White "Gruz, Janos"]
[Black "Csiba, Tibor"]
[Result "1-0"]
[WhiteElo "1858"]
[BlackElo "1438"]
[PlyCount "66"]
[EventDate "2012.05.05"]

1. e4 c6 2. d4 d5 3. exd5 cxd5 4. Bd3 Nc6 5. c3 Nf6 6. Bf4 Bg4 7. Qb3 Qd7 8.
Nd2 e6 9. Ngf3 Bxf3 10. Nxf3 Na5 11. Qd1 a6 12. Ne5 Qc7 13. Ng6 Bd6 14. Bxd6
Qxd6 15. Nxh8 Ke7 16. Nxf7 Kxf7 17. O-O h5 18. Qf3 Kg8 19. Qg3 Qxg3 20. fxg3
Nc6 21. a4 e5 22. dxe5 Nxe5 23. Be2 Re8 24. Rf5 Nc4 25. Bxc4 dxc4 26. Rf2 Rd8
27. Re1 Rd7 28. h3 Rd3 29. Kh2 Rd7 30. Re5 Rf7 31. Rd2 Rd7 32. Rxd7 Nxd7 33.
Rxh5 Nf6 1-0

[Event "First Saturday 2012 may FM-B"]
[Site "Budapest"]
[Date "2012.05.07"]
[Round "3"]
[White "Mirza, Solyom"]
[Black "Nemeth, Otto"]
[Result "1-0"]
[WhiteElo "1671"]
[BlackElo "1858"]
[PlyCount "51"]
[EventDate "2012.05.05"]

1. e4 c5 2. Nf3 Nc6 3. d4 cxd4 4. Nxd4 d6 5. Nc3 Nf6 6. Bg5 e6 7. Qd2 Be7 8.
O-O-O O-O 9. f4 a6 10. Be2 Qc7 11. Bf3 Rd8 12. g4 h6 13. Bxf6 Bxf6 14. Nde2 b5
15. Rdg1 g5 16. h4 gxf4 17. g5 hxg5 18. Qxf4 Bg7 19. Qxg5 f6 20. Qg2 Ne5 21. h5
Kh7 22. h6 Bh8 23. Rh5 Qf7 24. Rh3 Rg8 25. Qg7+ Rxg7 26. hxg7+ 1-0

[Event "First Saturday 2012 may FM-B"]
[Site "Budapest"]
[Date "2012.05.08"]
[Round "4"]
[White "Lukacs, Albert"]
[Black "Karaiskakis, Petros"]
[Result "1-0"]
[WhiteElo "1776"]
[BlackElo "1751"]
[PlyCount "61"]
[EventDate "2012.05.05"]

1. e4 e5 2. Nc3 Nc6 3. Bc4 Nf6 4. d3 Na5 5. Bb5 c6 6. Ba4 b5 7. Bb3 Nxb3 8.
axb3 d5 9. exd5 cxd5 10. Nxb5 a6 11. Qe2 Be6 12. Nc3 Bb4 13. Bd2 O-O 14. Nf3
Bg4 15. h3 Bxf3 16. gxf3 e4 17. Kd1 exd3 18. Qxd3 d4 19. Ne4 Nxe4 20. fxe4 Bxd2
21. Qxd2 Qh4 22. Re1 Qxh3 23. Ra4 Qf3+ 24. Kc1 Rfc8 25. Kb1 h5 26. Rxd4 h4 27.
Rg1 Qf6 28. e5 Qf5 29. Rxh4 Kf8 30. Rh8+ Ke7 31. Qd6# 1-0

[Event "First Saturday 2012 may FM-B"]
[Site "Budapest"]
[Date "2012.05.08"]
[Round "4"]
[White "Nagy, Peter"]
[Black "Somogyi, Theodora"]
[Result "1/2-1/2"]
[WhiteElo "1538"]
[BlackElo "1252"]
[PlyCount "50"]
[EventDate "2012.05.05"]

1. Nf3 c5 2. b4 cxb4 3. a3 Nc6 4. e4 e5 5. axb4 Bxb4 6. c3 Bd6 7. Bc4 Nf6 8.
Qb3 O-O 9. Ng5 Qe7 10. f3 b6 11. O-O Na5 12. Qa4 Nxc4 13. Qxc4 a6 14. Na3 a5
15. Qe2 Bc5+ 16. Kh1 Ba6 17. d3 d5 18. Nc2 d4 19. cxd4 Bxd4 20. Nxd4 exd4 21.
Ba3 Qd7 22. Bxf8 Rxf8 23. e5 Nd5 24. Qe4 f5 25. exf6 Nxf6 1/2-1/2

[Event "First Saturday 2012 may FM-B"]
[Site "Budapest"]
[Date "2012.05.08"]
[Round "4"]
[White "Vasilev, Sergey"]
[Black "Mihajlova, Diana"]
[Result "0-1"]
[WhiteElo "1462"]
[BlackElo "1410"]
[PlyCount "69"]
[EventDate "2012.05.05"]

1. b4 e5 2. Bb2 d6 3. Nf3 Be6 4. d4 e4 5. d5 Bf5 6. Nd4 Bg6 7. c4 c6 8. g3 Nf6
9. dxc6 bxc6 10. Bh3 Be7 11. Qa4 O-O 12. Nxc6 Nxc6 13. Qxc6 d5 14. c5 d4 15.
O-O Bh5 16. Qb5 Bg4 17. Bxg4 Nxg4 18. Rd1 Bf6 19. Qc4 Ne5 20. Qc1 Bg5 21. Qc2
d3 22. exd3 exd3 23. Qb3 Nf3+ 24. Kg2 Nd4 25. Bxd4 Qxd4 26. Nc3 Bf6 27. Rac1
Rfe8 28. Rf1 d2 29. Rc2 Re1 30. Nd1 Rxf1 31. Kxf1 Re8 32. Rc4 Re1+ 33. Kg2 Qd5+
34. Kh3 Qh5+ 35. Kg2 0-1

[Event "First Saturday 2012 may FM-B"]
[Site "Budapest"]
[Date "2012.05.09"]
[Round "5"]
[White "Somogyi, Theodora"]
[Black "Vasilev, Sergey"]
[Result "0-1"]
[WhiteElo "1252"]
[BlackElo "1462"]
[PlyCount "138"]
[EventDate "2012.05.05"]

1. e4 e5 2. Nf3 Nc6 3. Nc3 f5 4. d4 d6 5. d5 Nce7 6. Be2 f4 7. O-O Nf6 8. Bc4
g6 9. Ne2 Bg7 10. b3 O-O 11. Bb2 Kh8 12. g3 Nxe4 13. Kg2 fxg3 14. fxg3 Nf5 15.
Bc1 h6 16. Bd3 Nc5 17. g4 Nxd3 18. Qxd3 Ne7 19. g5 h5 20. Nh4 Rxf1 21. Kxf1 Bf5
22. Qg3 Bxc2 23. Be3 Qd7 24. Rc1 Rf8+ 25. Ke1 Be4 26. Nc3 Bf5 27. Kd2 a6 28.
Re1 Kh7 29. Kc1 Bh3 30. Kb2 Qg4 31. Qxg4 Bxg4 32. Ng2 Bf3 33. Nh4 Bxd5 34. Rc1
Bc6 35. Ng2 Bxg2 36. a4 Rf3 37. Bg1 Rf1 38. Rxf1 Bxf1 39. Kc2 c6 40. b4 Nd5 41.
Ne4 Nxb4+ 42. Kd2 d5 43. Nc3 d4 44. Ne4 b5 45. a5 Nd5 46. Nc5 Nc7 47. Ke1 Bh3
48. Kd2 Bf8 49. Nd3 e4 50. Nb2 Bb4+ 51. Ke2 d3+ 52. Ke3 Bc5+ 53. Kxe4 Bxg1 54.
Kxd3 Bxh2 55. Kc3 Be5+ 56. Kb3 Bxb2 57. Kxb2 c5 58. Kc3 Bf5 59. Kd2 Ne6 60. Ke2
Nxg5 61. Kd2 h4 62. Ke2 h3 63. Kf2 b4 64. Ke2 b3 65. Kd2 b2 66. Ke2 h2 67. Kd2
h1=Q 68. Kc3 b1=Q 69. Kc4 Qc2# 0-1

[Event "First Saturday 2012 may FM-B"]
[Site "Budapest"]
[Date "2012.05.09"]
[Round "5"]
[White "Karaiskakis, Petros"]
[Black "Nagy, Peter"]
[Result "0-1"]
[WhiteElo "1751"]
[BlackElo "1538"]
[PlyCount "32"]
[EventDate "2012.05.05"]

1. d4 Nf6 2. c4 e6 3. Nc3 d5 4. Nf3 c6 5. cxd5 exd5 6. Bg5 Bf5 7. e3 Nbd7 8.
Be2 Bd6 9. Nh4 Bg6 10. Nxg6 hxg6 11. O-O Bxh2+ 12. Kh1 Bf4+ 13. Kg1 Bxg5 14.
Bf3 Qc7 15. g3 Bxe3 16. Re1 Qxg3+ 0-1

[Event "First Saturday 2012 may FM-B"]
[Site "Budapest"]
[Date "2012.05.09"]
[Round "5"]
[White "Gruz, Janos"]
[Black "Lukacs, Albert"]
[Result "1/2-1/2"]
[WhiteElo "1858"]
[BlackElo "1776"]
[PlyCount "63"]
[EventDate "2012.05.05"]

1. Nf3 Nf6 2. b3 c5 3. Bb2 e6 4. g3 Be7 5. Bg2 O-O 6. O-O Nc6 7. c4 d5 8. Ne5
Nxe5 9. Bxe5 Nd7 10. Bb2 d4 11. Qc2 Bf6 12. d3 Rb8 13. Nd2 b6 14. Ne4 Be7 15.
e3 f5 16. Nd2 Bf6 17. e4 fxe4 18. Nxe4 Bb7 19. Rae1 Ne5 20. Qe2 Ng6 21. Bc1 Be7
22. h4 Re8 23. h5 Nf8 24. Bf4 Bxe4 25. Bxe4 Bd6 26. Bd2 Nd7 27. Bg2 e5 28. g4
Qh4 29. Be4 Nf6 30. f3 Nxe4 31. fxe4 Qg3+ 32. Kh1 1/2-1/2

[Event "First Saturday 2012 may FM-B"]
[Site "Budapest"]
[Date "2012.05.09"]
[Round "5"]
[White "Mirza, Solyom"]
[Black "Mayer, Istvan"]
[Result "0-1"]
[WhiteElo "1671"]
[BlackElo "2038"]
[PlyCount "36"]
[EventDate "2012.05.05"]

1. e4 e6 2. d4 d5 3. Nc3 Nf6 4. Bg5 dxe4 5. Nxe4 Nbd7 6. Nf3 c5 7. Bxf6 Nxf6 8.
Bb5+ Bd7 9. Bxd7+ Qxd7 10. Nxf6+ gxf6 11. dxc5 Qb5 12. Qc1 Bxc5 13. c3 Rg8 14.
g3 Rg4 15. Nd2 Rd8 16. h3 Rg5 17. c4 Qc6 18. Rf1 Bb4 0-1

[Event "First Saturday 2012 may FM-B"]
[Site "Budapest"]
[Date "2012.05.09"]
[Round "5"]
[White "Nemeth, Otto"]
[Black "Csiba, Tibor"]
[Result "1-0"]
[WhiteElo "1858"]
[BlackElo "1438"]
[PlyCount "86"]
[EventDate "2012.05.05"]

1. e4 c6 2. d4 d5 3. e5 Bf5 4. Bd3 Bxd3 5. Qxd3 e6 6. Nf3 h6 7. h4 Ne7 8. g4 f6
9. Bf4 f5 10. g5 Ng6 11. Bg3 h5 12. Nc3 Bb4 13. O-O O-O 14. Ne2 Nd7 15. c3 Ba5
16. b4 Bc7 17. a4 Nb6 18. Nd2 Nd7 19. f4 a6 20. Qf3 Qe8 21. Qxh5 Ne7 22. Qf3 g6
23. Kf2 Kg7 24. Rh1 Rh8 25. a5 Rh7 26. Rh2 Qf7 27. Rah1 Rah8 28. Nb3 b6 29.
axb6 Bxb6 30. Ra1 Ra8 31. Qd3 Nb8 32. Kf3 Qe8 33. Bf2 Kg8 34. Ng3 Ra7 35. Rah1
Qf7 36. h5 Qg7 37. hxg6 Rxh2 38. Rxh2 Nxg6 39. Nh5 Qc7 40. Nf6+ Kf8 41. Rh6 Qf7
42. Rh7 Qxh7 43. Nxh7+ Rxh7 1-0

[Event "First Saturday 2012 may FM-B"]
[Site "Budapest"]
[Date "2012.05.10"]
[Round "6"]
[White "Lukacs, Albert"]
[Black "Mirza, Solyom"]
[Result "1-0"]
[WhiteElo "1776"]
[BlackElo "1671"]
[PlyCount "111"]
[EventDate "2012.05.05"]

1. e4 c5 2. Nf3 d6 3. Bc4 Nf6 4. Nc3 Nc6 5. O-O g6 6. h3 Bg7 7. Re1 O-O 8. d3
a6 9. a4 e6 10. Ba2 Rb8 11. Bg5 Qc7 12. Bc4 Nd7 13. Qd2 Na7 14. a5 Nc6 15. Nd1
Nde5 16. Nxe5 Bxe5 17. f4 Bg7 18. Kh1 f6 19. Bh4 Rd8 20. Ne3 Ne7 21. Ng4 Rf8
22. e5 fxe5 23. fxe5 d5 24. Bf6 Nf5 25. Bxg7 Kxg7 26. Ba2 Bd7 27. c3 Qd8 28.
Nf6 Ne7 29. Rf1 Ng8 30. Ng4 Qe7 31. Ne3 Rf7 32. Rxf7+ Qxf7 33. Rf1 Qe7 34. Qf2
Rf8 35. Qxf8+ Qxf8 36. Rxf8 Kxf8 37. g4 Bc6 38. Kg2 Kg7 39. Kg3 h6 40. h4 Bb5
41. c4 dxc4 42. Bxc4 Kf7 43. h5 g5 44. Nf5 Bxc4 45. Nd6+ Ke7 46. dxc4 Kd7 47.
Nxb7 Kc6 48. Nd6 Kd7 49. Kf3 Ne7 50. Ne4 Kc6 51. Ke3 Nc8 52. Kd3 Ne7 53. Kc3
Nc8 54. b4 cxb4+ 55. Kxb4 Ne7 56. Nd6 1-0

[Event "First Saturday 2012 may FM-B"]
[Site "Budapest"]
[Date "2012.05.10"]
[Round "6"]
[White "Nagy, Peter"]
[Black "Gruz, Janos"]
[Result "0-1"]
[WhiteElo "1538"]
[BlackElo "1858"]
[PlyCount "67"]
[EventDate "2012.05.05"]

1. Nf3 d6 2. e4 Nf6 3. Nc3 c6 4. d4 g6 5. Bg5 Bg7 6. Qd3 Bg4 7. O-O-O O-O 8.
Bxf6 exf6 9. Qe3 Nd7 10. Rd2 a5 11. Ne1 Nb6 12. h3 Bd7 13. e5 fxe5 14. Qg3 exd4
15. Ne4 d5 16. Nc5 Qe7 17. Ned3 Bh6 18. f4 Bf5 19. Nb3 Bg7 20. Qf2 Bxd3 21.
Bxd3 c5 22. Re2 Qd6 23. Bb5 a4 24. Nd2 c4 25. Nf3 Qc5 26. Qh4 Qxb5 27. Ng5 h6
28. Nf3 d3 29. cxd3 cxd3 30. Rd2 Rac8+ 31. Kd1 Nc4 32. Ke1 Nxd2 33. Nxd2 Rfe8+
34. Kf1 0-1

[Event "First Saturday 2012 may FM-B"]
[Site "Budapest"]
[Date "2012.05.10"]
[Round "6"]
[White "Vasilev, Sergey"]
[Black "Karaiskakis, Petros"]
[Result "1/2-1/2"]
[WhiteElo "1462"]
[BlackElo "1751"]
[PlyCount "81"]
[EventDate "2012.05.05"]

1. b4 d5 2. Nf3 Nf6 3. Bb2 e6 4. a3 c5 5. b5 Bd6 6. e3 Nbd7 7. c4 a6 8. Nc3 Ne5
9. cxd5 exd5 10. Nxd5 Bg4 11. Nxf6+ Qxf6 12. Bxe5 Bxe5 13. Rc1 O-O 14. bxa6
bxa6 15. Rxc5 Rab8 16. Be2 Bxf3 17. Bxf3 Qd6 18. Rd5 Qe7 19. O-O Rfd8 20. Rxd8+
Rxd8 21. a4 Bc3 22. d4 a5 23. Bc6 Bb4 24. d5 Qe5 25. Qd4 Qh5 26. f3 Qg5 27. Rc1
h5 28. Qf4 Qxf4 29. exf4 Bd2 30. Rc4 Kf8 31. Re4 g6 32. g3 Bb4 33. Kf2 Rb8 34.
g4 hxg4 35. fxg4 Bc5+ 36. Kg3 Rb3+ 37. Kh4 f6 38. Re2 Rf3 39. d6 Rf2 40. Rxf2
Bxf2+ 41. Kh3 1/2-1/2

[Event "First Saturday 2012 may FM-B"]
[Site "Budapest"]
[Date "2012.05.10"]
[Round "6"]
[White "Mihajlova, Diana"]
[Black "Somogyi, Theodora"]
[Result "1-0"]
[WhiteElo "1410"]
[BlackElo "1252"]
[PlyCount "89"]
[EventDate "2012.05.05"]

1. e4 c5 2. Nf3 Nc6 3. d4 cxd4 4. Nxd4 e5 5. Nf3 Nf6 6. Bg5 Be7 7. Nc3 O-O 8.
Bxf6 Bxf6 9. Nd5 d6 10. Be2 Nd4 11. Nxd4 exd4 12. O-O Be6 13. Nxf6+ Qxf6 14. f4
Rae8 15. Bd3 a6 16. f5 d5 17. fxe6 Qxe6 18. Rf4 g6 19. Qf3 Rd8 20. Re1 Qc6 21.
e5 Qb6 22. b3 Qb4 23. Rf1 Qe7 24. Re1 Qe6 25. Rf6 Qd7 26. Qg3 Rde8 27. Bf5 Qc7
28. Rd6 Rd8 29. Rf6 Rde8 30. h4 Kh8 31. Bd3 Rg8 32. Qf4 Re7 33. Qxd4 h6 34. e6
Kh7 35. h5 Qg3 36. Re2 Rg7 37. hxg6+ fxg6 38. Qxd5 h5 39. Qxh5+ Kg8 40. Bxg6
Qc7 41. Ref2 Qd8 42. Rf8+ Qxf8 43. Rxf8+ Kxf8 44. Qh8+ Rg8 45. Qf6+ 1-0

[Event "First Saturday 2012 may FM-B"]
[Site "Budapest"]
[Date "2012.05.11"]
[Round "7"]
[White "Karaiskakis, Petros"]
[Black "Mihajlova, Diana"]
[Result "1-0"]
[WhiteElo "1751"]
[BlackElo "1410"]
[PlyCount "93"]
[EventDate "2012.05.05"]

1. d4 Nf6 2. Nf3 d5 3. g3 Bg4 4. Bg2 Nc6 5. Ne5 Nxe5 6. dxe5 Nd7 7. Qxd5 c6 8.
Qd4 Be6 9. O-O Qc7 10. Bf4 Nb6 11. b3 c5 12. Qb2 Nd5 13. Bd2 g6 14. c4 Nb6 15.
Qc2 Bg7 16. Nc3 Bxe5 17. Bh6 Qc8 18. Rad1 Bh3 19. Nb5 Bxg2 20. Kxg2 Qc6+ 21. f3
a6 22. Nc3 Qf6 23. Ne4 Qc6 24. Rd3 f6 25. Be3 Nd7 26. Rfd1 O-O-O 27. Qd2 Bc7
28. b4 Ne5 29. Rxd8+ Rxd8 30. Qc2 Rxd1 31. Qxd1 cxb4 32. c5 Ng4 33. Bg1 h6 34.
Qd3 f5 35. Nd2 Ne5 36. Qb3 a5 37. a3 bxa3 38. Qxa3 Qb5 39. Kf1 a4 40. f4 Ba5
41. Qa2 Bxd2 42. fxe5 Qb3 43. Qxd2 Qb1+ 44. Qe1 Qxe1+ 45. Kxe1 Kc7 46. Kd2 Kc6
47. Kc3 1-0

[Event "First Saturday 2012 may FM-B"]
[Site "Budapest"]
[Date "2012.05.11"]
[Round "7"]
[White "Gruz, Janos"]
[Black "Vasilev, Sergey"]
[Result "0-1"]
[WhiteElo "1858"]
[BlackElo "1462"]
[PlyCount "76"]
[EventDate "2012.05.05"]

1. Nf3 b5 2. e4 Bb7 3. d3 c5 4. Nbd2 g6 5. c3 Bg7 6. Be2 Nc6 7. Rb1 d5 8. O-O
d4 9. cxd4 Nxd4 10. Nxd4 Bxd4 11. Nf3 Bg7 12. Qb3 a6 13. Be3 Bd4 14. Bxd4 cxd4
15. Qb4 Nf6 16. Qxd4 O-O 17. Qe3 Kg7 18. Rbc1 Rc8 19. Rfe1 Qa5 20. a3 b4 21.
Qd2 Nh5 22. axb4 Qb6 23. Rxc8 Rxc8 24. Rc1 Rxc1+ 25. Qxc1 Qxb4 26. Qd2 Qd6 27.
Qc3+ f6 28. Ne1 Nf4 29. Bf3 e5 30. Kf1 Bc6 31. g3 Ne6 32. b4 Bb5 33. Bd1 Nd4
34. Bb3 Nc6 35. Qc5 Qd4 36. Qxd4 exd4 37. f3 Nxb4 38. Ke2 Kf8 0-1

[Event "First Saturday 2012 may FM-B"]
[Site "Budapest"]
[Date "2012.05.11"]
[Round "7"]
[White "Mirza, Solyom"]
[Black "Nagy, Peter"]
[Result "1-0"]
[WhiteElo "1671"]
[BlackElo "1538"]
[PlyCount "37"]
[EventDate "2012.05.05"]

1. e4 c5 2. Nf3 d6 3. d4 cxd4 4. Nxd4 Nf6 5. Nc3 Nc6 6. Bg5 e6 7. Qd2 Be7 8.
O-O-O Qb6 9. Ndb5 d5 10. exd5 Ne5 11. Na4 Qd8 12. d6 Ne4 13. dxe7 Qxd2+ 14.
Bxd2 Kxe7 15. Bb4+ Kf6 16. Re1 Nc6 17. Rxe4 Nxb4 18. Rxb4 Bd7 19. Rf4+ 1-0

[Event "First Saturday 2012 may FM-B"]
[Site "Budapest"]
[Date "2012.05.11"]
[Round "7"]
[White "Nemeth, Otto"]
[Black "Lukacs, Albert"]
[Result "1/2-1/2"]
[WhiteElo "1858"]
[BlackElo "1776"]
[PlyCount "56"]
[EventDate "2012.05.05"]

1. e4 c5 2. c4 g6 3. d3 Bg7 4. Nf3 Nc6 5. Be2 d6 6. h3 Nf6 7. Nc3 h6 8. Be3 g5
9. Nh2 Be6 10. Ng4 Qa5 11. Bd2 Qb6 12. Na4 Qa6 13. Bc3 Nd4 14. Bxd4 cxd4 15.
Nxf6+ Bxf6 16. O-O Be5 17. b3 Bd7 18. Rb1 O-O 19. g4 Rac8 20. Kg2 e6 21. Rh1
Kg7 22. Ra1 Qa5 23. Nb2 Bf4 24. a3 Qc3 25. Rb1 Bc6 26. Bf3 a6 27. a4 Bd7 28.
Rf1 a5 1/2-1/2

[Event "First Saturday 2012 may FM-B"]
[Site "Budapest"]
[Date "2012.05.11"]
[Round "7"]
[White "Csiba, Tibor"]
[Black "Mayer, Istvan"]
[Result "0-1"]
[WhiteElo "1438"]
[BlackElo "2038"]
[PlyCount "38"]
[EventDate "2012.05.05"]

1. e4 e5 2. d4 exd4 3. c3 dxc3 4. Bc4 cxb2 5. Bxb2 Bb4+ 6. Nc3 Nc6 7. Nf3 Nf6
8. O-O d6 9. Ng5 O-O 10. Nd5 Ng4 11. Qc1 Bc5 12. h3 Nge5 13. Bb3 h6 14. Nf3
Nxf3+ 15. gxf3 Bxh3 16. Qf4 Nd4 17. Kh2 Bxf1 18. Rxf1 c6 19. Rg1 cxd5 0-1